Noddy e o táxi novo (Registo nº 4596)

Detalhes MARC
000 -Etiqueta do registo
Cabeçalho 00754nam0a2200253 4500
005 - Identificador da versão
Campo de controlo 20240813122106.0
010 ## - Número internacional normalizado dos livros (ISBN)
Número (ISBN) 9722224247
021 ## - Número do Depósito Legal
Código do país PT
Número 228726/05
100 ## - Dados gerais de processamento
Dados gerais de processamento 20170309d2005 bc y0pory5003 ba
102 ## - Pais de publicação ou produção
País de publicação Portugal
101 1# - Língua de publicação
Língua do texto, banda sonora, etc. Português
Língua do documento no original Inglês
215 ## - Descrição física 
Indicação específica da natureza do documento e extensão da espécie [28] p.
Outras indicações físicas il. color
200 1# - Titulo e menção de responsabilidade
Título próprio Noddy e o táxi novo
Primeira menção de responsabilidade Enid Blyton
Outras menções de responsabilidade trad. de Guilhermina Rebelo de Andrade
225 1# - Colecção 
Título próprio da colecção Abram alas para o Noddy
Indicação de volume 4
210 ## - Publicação, Distribuição, etc. 
Lugar da edição, distribuição, etc. Lisboa
Nome do editor, distribuidor, etc. Verbo
Data da publicação, distribuição, etc. cop. 2005
606 ## - Nome comum usado como assunto
Número de registo de entrada de autoridade 0001374
Palavra de ordem Literatura inglesa
Subdivisão de assunto Conto
Código do sistema CA
675 ## - Classificação Decimal Universal (CDU)
Notação 821.111-34
Edição 3ª ed.
Língua da edição por
702 #1 - Nome de autor-pessoa física (responsabilidade secundária)
Número de registo de entrada de autoridade 0000508
Palavra de ordem Andrade
Outra parte do nome não tomada para palavra de ordem Guilhermina Rebelo de
Código de função Tradutor
700 #1 - Nome de autor-pessoa física (responsabilidade principal)
Número de registo de entrada de autoridade 0000883
Palavra de ordem Blyton
Outra parte do nome não tomada para palavra de ordem Enid
Datas 1897-1968
966 ## - Identificação da Biblioteca
Sigla EBVEN
942 ## - Elementos de entrada adicionados (Koha)
Tipo de item no Koha Livro
Exemplares
Situação do levantamento Origin of item (home branch) (coded) Biblioteca de empréstimo Código de barras Cota Circulation type (not for loan) Tipo de documento Nota do exemplar Damaged status
  Biblioteca Escolar das Vendas Biblioteca Escolar das Vendas BEV1522 8EST NOD   Livro Sem mensagem